STN EN 12139 Povrchovo aktívne látky. Stanovenie celkového obsahu polyetylénglykolu v neiónových povrchovo aktívnych látkach (EO kondenzačných produktoch) pomocou HPLC/GPC

Bibliographic Details
Format: Book
Language:Undetermined
Published: Bratislava Slovenský ústav technickej normalizácie 2001

MARC

LEADER 00000nam a2200000 a 4500
001 vtls001419681
003 SK-MaSNL
005 20260223221431.0
008 180126sm y0 xo 0 und
035 |a SNK000374506 
040 |a SNK  |b slo  |c SNK  |e AACR2 
044 |a xo  |c SK 
245 1 |a STN EN 12139 Povrchovo aktívne látky. Stanovenie celkového obsahu polyetylénglykolu v neiónových povrchovo aktívnych látkach (EO kondenzačných produktoch) pomocou HPLC/GPC 
260 |a Bratislava  |b Slovenský ústav technickej normalizácie  |c 2001 
300 |a 16 s. 
999 |c 726413  |d 728343 
952 |t P60, <03>, [BOOK], {603}  |a SNK  |b SNK  |y PREZ  |7 0  |p 17A0312606  |o snkSTN EN 12139  |i snkN 1859/2001  |0 0  |1 0  |4 0  |d 2001-09-04  |l 0  |r 2005-01-02 00:00:00  |w 2026-02-23 
952 |t P60, <04>, [BOOK], {604}  |a SNK  |b SNK  |y VYP  |7 0  |p 17A0312607  |o snkSTN EN 12139 D1  |i snkN 1860/2001  |0 0  |1 0  |4 0  |d 2001-09-04  |l 0  |r 2005-01-02 00:00:00  |w 2026-02-23